| 000 | 01408nam a22003017a 4500 | ||
|---|---|---|---|
| 005 | 20080929101452.0 | ||
| 008 | 080929t xxu||||| |||| 00| 0chin d | ||
| 010 | _aHIN-92271 | ||
| 020 |
_c300.00 _a9788189868741 |
||
| 035 | _aHN-64617 | ||
| 037 | _bDBAD / PUB | ||
| 040 |
_aDPL _bHN |
||
| 082 | _a709.2 | ||
| 100 | _926640 | ||
| 245 |
_aफ़ेदरीको गार्सिया लोर्काःचुनिंदा चिट्ठियां / _cडेविड जेर्शेटर; सुशोभित सक्तावत द्वारा अनुदित |
||
| 260 |
_aमेरठ _bसंवाद प्रकाशन _c2009 |
||
| 270 |
_aआई-499, शास्त्रीनगर _bमेरठ (उ.प्र.) _e250004 |
||
| 300 | 1 |
_a188पृ. _c22सेमी (सजिल्द) |
|
| 490 |
_aविश्व ग्रंथमालाः आलोक श्रीवास्तव _927145 |
||
| 650 | _9697 | ||
| 650 | _926674 | ||
| 650 | _9698 | ||
| 700 |
_926643 _aडेविड जेर्शेटर |
||
| 700 |
_927078 _aसुशोभित सक्तावत |
||
| 710 | _926662 | ||
| 942 |
_2ddc _cHN _h709.2 _mफ़ेदरी |
||
| 999 |
_c51495 _d51495 |
||